Cardiac Drugs : Evidence based approach (Record no. 157631)

MARC details
000 -LEADER
fixed length control field 00366nam a2200133Ia 4500
008 - FIXED-LENGTH DATA ELEMENTS--GENERAL INFORMATION
fixed length control field 230411s9999 xx 000 0 und d
041 ## - LANGUAGE CODE
Language code of text/sound track or separate title eng
082 ## - DEWEY DECIMAL CLASSIFICATION NUMBER
Classification number PH/615.71/CHA/B07514
100 ## - MAIN ENTRY--PERSONAL NAME
Personal name Chatterjee Kanu
9 (RLIN) 179611
245 ## - TITLE STATEMENT
Title Cardiac Drugs : Evidence based approach
260 ## - PUBLICATION, DISTRIBUTION, ETC. (IMPRINT)
Name of publisher, distributor, etc. Jaypee Brothers
Place of publication, distribution, etc. New Delhi
Date of publication, distribution, etc. 2013
300 ## - PHYSICAL DESCRIPTION
Extent 514p
Holdings
Withdrawn status Lost status Damaged status Not for loan Collection code Home library Current library Date acquired Vendor Cost, normal purchase price Bill number Total Checkouts Full call number Barcode Date last seen Date last checked out Cost, replacement price Bill Date Koha item type Original Barcode
          Smt. Bakul Tambat Institute of Nursing Education Smt. Bakul Tambat Institute of Nursing Education 21/03/2013 Jaypee Brothers Medical Publishers 595.00 5251 1 PH 615.71 CHA B07514 BTIN-BK-7514 02/04/2025 20/02/2025 434.00 21/03/2013 Books B07514